000 00893nam a2200253Ia 4500
003 OSt
005 20221005105253.0
006 a|||||r|||| 00| 0
007 ta
008 221004b |||||||| |||| 00| 0 hin d
020 _a8170167876 (hbk)
_c150
024 _a105576
037 _b12952, 18/03/2011, Kitab Ghar
_cTextual
040 _aCRL
_cCRL
_bhin
041 _2hin
_ahin
082 _aO15,2D40x, 152M0;P6
100 _aउपाध्याय, भगवतशरण
245 0 _aकालिदास के नाटक
246 _aKālidās ke nāṭaka
260 _aनई दिल्ली
_bकिताबघर प्रकाशन भारत
_c2006
300 _a200पृ0
_ccm.
942 _hO15,2D40x, 152M0;P6
_cTEXL
_2cc
999 _c1015326
_d1015326